<?xml version="1.0" encoding="UTF-8"?><?xml-stylesheet type="text/xsl" href="static/style.xsl"?><OAI-PMH xmlns="http://www.openarchives.org/OAI/2.0/" xmlns:xsi="http://www.w3.org/2001/XMLSchema-instance" xsi:schemaLocation="http://www.openarchives.org/OAI/2.0/ http://www.openarchives.org/OAI/2.0/OAI-PMH.xsd"><responseDate>2026-04-13T01:49:58Z</responseDate><request verb="GetRecord" identifier="oai:www.recercat.cat:2117/111079" metadataPrefix="marc">https://recercat.cat/oai/request</request><GetRecord><record><header><identifier>oai:recercat.cat:2117/111079</identifier><datestamp>2025-07-17T15:54:08Z</datestamp><setSpec>com_2072_1033</setSpec><setSpec>col_2072_452951</setSpec></header><metadata><record xmlns="http://www.loc.gov/MARC21/slim" xmlns:dcterms="http://purl.org/dc/terms/" xmlns:xsi="http://www.w3.org/2001/XMLSchema-instance" xmlns:doc="http://www.lyncode.com/xoai" xsi:schemaLocation="http://www.loc.gov/MARC21/slim http://www.loc.gov/standards/marcxml/schema/MARC21slim.xsd">
   <leader>00925njm 22002777a 4500</leader>
   <datafield ind2=" " ind1=" " tag="042">
      <subfield code="a">dc</subfield>
   </datafield>
   <datafield ind2=" " ind1=" " tag="720">
      <subfield code="a">Gómez Rosero, Tamia Gabriela</subfield>
      <subfield code="e">author</subfield>
   </datafield>
   <datafield ind2=" " ind1=" " tag="260">
      <subfield code="c">2017-07</subfield>
   </datafield>
   <datafield ind2=" " ind1=" " tag="520">
      <subfield code="a">En este trabajo se presenta la propuesta del Plan de Restauración Ambiental denominado "Guardianas/es del&#xd;
Lago" que, a través de la fitorremediación de las macrófitas y diseñado con la participación de la población,&#xd;
plantea disminuir la contaminación que actualmente existe en el lago San Pablo. Para que el diseño sea acorde&#xd;
a la realidad, se ha realizado un diagnóstico de las condiciones físico-químicas, identificación del plancton y de&#xd;
las macrófitas del lago, además una indagación socio-antropológica para conocer la percepción y voluntad de&#xd;
las personas para participar en el proyecto; adicionalmente, se entablo una conversación con el GAD de la&#xd;
ciudad de Otavalo (Municipalidad) para que sean ellos quienes conduzcan el plan.&#xd;
Con la información recopilada en el diagnóstico se procedió a diseñar el plan de restauración ambiental&#xd;
"Guardianas/es del Lago"; este plan contiene dos programas: el primero se refiere a los temas técnicos y se&#xd;
sustenta, además, en la revisión bibliográfica para definir qué especies se deben sembrar, cuál es la superficie&#xd;
necesaria para eliminar el contaminante y, las técnicas de siembra y cultivo; y, el segundo, a las estrategias de&#xd;
implementación y mantenimiento en el tiempo, las cuales se han orientado en casos de participación ciudadana&#xd;
de proyectos sociales, estas estrategias han sido diseñadas acorde a la realidad socio-económica y cultural de la&#xd;
zona, promoviendo el compromiso y cuidado del ambiente.</subfield>
   </datafield>
   <datafield ind2=" " ind1=" " tag="520">
      <subfield code="a">This document presents a proposal for an Environmental Restoration Plan called "Guardianas/es del Lago",&#xd;
which involves phytoremediation using macrophytes, The plan is designed with the participation of the local&#xd;
population, and proposes to reduce the current pollution that exists in Lake San Pablo. To design it in&#xd;
accordance with reality, a diagnosis of the physical and chemical conditions, identification of the plankton and&#xd;
macrophytes of the lake has been carried out, as well as a socio-anthropological inquiry to assess the&#xd;
population’s perceptions and willingness to participate in the project. In addition, the GAD of the city of&#xd;
Otavalo (Municipality) support the project, and they are going to lead the plan.&#xd;
The environmental restoration plan "Guardianas/es del Lago" was designed with previous information for the&#xd;
diagnosis of the conditions of the lake. This plan contains two programs: the first one refers to the technical&#xd;
aspects and is based on the bibliographic review to define the species to be planted, the area needed to&#xd;
eliminate pollutants, and the techniques of sowing and cultivation. The second contains the strategies to&#xd;
implement and maintain the program over time, which have been guided by cases of citizen participation in&#xd;
social projects, these strategies have been designed according to the socio-economic and cultural reality of the&#xd;
area, promoting the commitment and care of the environment.</subfield>
   </datafield>
   <datafield tag="653" ind2=" " ind1=" ">
      <subfield code="a">Àrees temàtiques de la UPC::Desenvolupament humà i sostenible</subfield>
   </datafield>
   <datafield tag="653" ind2=" " ind1=" ">
      <subfield code="a">Àrees temàtiques de la UPC::Desenvolupament humà i sostenible::Cooperació per al desenvolupament::Projectes de cooperació</subfield>
   </datafield>
   <datafield tag="653" ind2=" " ind1=" ">
      <subfield code="a">Bioremediation</subfield>
   </datafield>
   <datafield tag="653" ind2=" " ind1=" ">
      <subfield code="a">Lakes -- Environmental aspects</subfield>
   </datafield>
   <datafield tag="653" ind2=" " ind1=" ">
      <subfield code="a">bioremediation</subfield>
   </datafield>
   <datafield tag="653" ind2=" " ind1=" ">
      <subfield code="a">San Pablo Lake-Ecuador</subfield>
   </datafield>
   <datafield tag="653" ind2=" " ind1=" ">
      <subfield code="a">eutrophication</subfield>
   </datafield>
   <datafield tag="653" ind2=" " ind1=" ">
      <subfield code="a">Microcystic</subfield>
   </datafield>
   <datafield tag="653" ind2=" " ind1=" ">
      <subfield code="a">participation of the population</subfield>
   </datafield>
   <datafield tag="653" ind2=" " ind1=" ">
      <subfield code="a">macrophytes</subfield>
   </datafield>
   <datafield tag="653" ind2=" " ind1=" ">
      <subfield code="a">Lake guardians</subfield>
   </datafield>
   <datafield tag="653" ind2=" " ind1=" ">
      <subfield code="a">Bioremediació</subfield>
   </datafield>
   <datafield tag="653" ind2=" " ind1=" ">
      <subfield code="a">Llacs -- Aspectes ambientals</subfield>
   </datafield>
   <datafield ind2="0" ind1="0" tag="245">
      <subfield code="a">Bioremediación de lagos tropicales eutrofizados: estudio del Lago San Pablo (Ecuador)</subfield>
   </datafield>
</record></metadata></record></GetRecord></OAI-PMH>